[Event "Heart of Finland op 31st"]
[Site "Jyvaskyla"]
[Date "2023.07.22"]
[Round "8"]
[White "Salonen, Aku"]
[Black "Norlamo, Sarabella"]
[Result "1-0"]
[WhiteElo "2117"]
[BlackElo "1863"]
[PlyCount "93"]
[EventDate "2023.07.17"]
[EventType "swiss"]
[EventRounds "9"]
[EventCountry "FIN"]
[SourceTitle "CBM 215 Extra"]
[Source "ChessBase"]
[SourceDate "2023.09.30"]
[SourceVersion "1"]
[SourceVersionDate "2023.09.30"]
[SourceQuality "1"]

1. e4 c6 2. d4 d5 3. e5 Bf5 4. Nd2 e6 5. Nb3 Nd7 6. Nf3 h6 7. Be2 Ne7 8. 0-0 Qc7 9. a4 c5 10. c4 a6 11. cxd5 Nxd5 12. Bd2 Be7 13. Rc1 Rc8 14. Nxc5 Bxc5 15. b4 0-0 16. bxc5 Nb8 17. Qb3 Nc6 18. Be3 Rfd8 19. Rfd1 Rd7 20. Qb2 Rcd8 21. Nd2 Na5 22. Bf3 Ne7 23. h3 Nec6 24. Nf1 Bg6 25. h4 Ne7 26. h5 Bh7 27. Ng3 Nac6 28. Kh1 Qa5 29. Qb3 Qc7 30. Qc3 Nd5 31. Qb2 Qa5 32. Bxd5 Rxd5 33. Qxb7 Nxe5 34. c6 Nxc6 35. Qxc6 R5d6 36. Bd2 Qd5 37. Qxd5 Rxd5 38. Be3 Ra5 39. Rc4 Kf8 40. Rd2 Rb8 41. Bf4 Rb1+ 42. Kh2 Ra1 43. Rc8+ Ke7 44. Rc7+ Kf6 45. Be5+ Kg5 46. Rxf7 Bf5 47. Rxg7+ 1-0

[Event "Wch U20 Girls 38th"]
[Site "Cala Gonone"]
[Date "2022.10.22"]
[Round "11"]
[White "Norlamo, Sarabella"]
[Black "Daniilidi, Dimitra Lydia"]
[Result "1-0"]
[WhiteElo "1946"]
[BlackElo "1498"]
[PlyCount "65"]
[EventDate "2022.10.12"]
[EventType "swiss"]
[EventRounds "11"]
[EventCountry "ITA"]
[SourceTitle "CBM 210 Extra"]
[Source "ChessBase"]
[SourceDate "2022.11.30"]
[SourceVersion "1"]
[SourceVersionDate "2022.11.30"]
[SourceQuality "1"]

1. c4 f5 2. d4 Nf6 3. g3 g6 4. Bg2 Bg7 5. Nc3 d6 6. Nf3 0-0 7. 0-0 c6 8. d5 e5 9. dxe6 Bxe6 10. Qd3 Na6 11. Ng5 Nc5 12. Nxe6 Nxe6 13. Rd1 Ne8 14. b4 f4 15. Rb1 fxg3 16. hxg3 Qe7 17. Bb2 Rd8 18. Qe3 Qf7 19. Ne4 d5 20. cxd5 cxd5 21. Nc5 Nxc5 22. bxc5 Bxb2 23. Rxb2 Nf6 24. Qb3 Kh8 25. Qxb7 Rd7 26. Qb4 d4 27. Rxd4 Nh5 28. Bf3 Re7 29. Qc3 Nf6 30. c6 Kg8 31. Qc4 Re6 32. Rb7 Qe8 33. Rd6 1-0

[Event "Wch U20 Girls 38th"]
[Site "Cala Gonone"]
[Date "2022.10.18"]
[Round "7"]
[White "Norlamo, Sarabella"]
[Black "Ortega Beltran, Ximena"]
[Result "0-1"]
[WhiteElo "1946"]
[BlackElo "1820"]
[PlyCount "56"]
[EventDate "2022.10.12"]
[EventType "swiss"]
[EventRounds "11"]
[EventCountry "ITA"]
[SourceTitle "CBM 210 Extra"]
[Source "ChessBase"]
[SourceDate "2022.11.30"]
[SourceVersion "1"]
[SourceVersionDate "2022.11.30"]
[SourceQuality "1"]

1. d4 Nf6 2. c4 c5 3. d5 b5 4. cxb5 a6 5. bxa6 g6 6. Nc3 Bg7 7. e4 d6 8. Bb5+ Nfd7 9. Nge2 Bxa6 10. 0-0 0-0 11. Qc2 Qb6 12. a4 Ne5 13. Rb1 h5 14. h3 Bxb5 15. Nxb5 Na6 16. Bd2 Rfc8 17. b3 Rab8 18. Bc3 Nc7 19. Nxc7 Rxc7 20. Nc1 Qa7 21. Kh1 Rcb7 22. f4 Nc4 23. Bxg7 Ne3 24. Qc3 Nxf1 25. Bh6 f6 26. g4 c4 27. f5 Qf2 28. Rb2 Ng3+ 0-1

[Event "Wch U20 Girls 38th"]
[Site "Cala Gonone"]
[Date "2022.10.15"]
[Round "5"]
[White "Norlamo, Sarabella"]
[Black "Hajiyeva, Laman"]
[Result "0-1"]
[WhiteElo "1946"]
[BlackElo "2138"]
[PlyCount "108"]
[EventDate "2022.10.12"]
[EventType "swiss"]
[EventRounds "11"]
[EventCountry "ITA"]
[SourceTitle "CBM 210 Extra"]
[Source "ChessBase"]
[SourceDate "2022.11.30"]
[SourceVersion "1"]
[SourceVersionDate "2022.11.30"]
[SourceQuality "1"]

1. d4 d5 2. c4 dxc4 3. e3 Nf6 4. Bxc4 e6 5. Nf3 c5 6. 0-0 cxd4 7. exd4 Be7 8. Nc3 0-0 9. Be3 a6 10. Rc1 b5 11. Bd3 Bb7 12. Ne5 Nc6 13. Bb1 Nb4 14. a3 Nbd5 15. Bg5 g6 16. Bh6 Nxc3 17. Rxc3 Qd5 18. Qf3 Qxf3 19. Nxf3 Rfc8 20. Rfc1 Nd5 21. Rxc8+ Rxc8 22. Rxc8+ Bxc8 23. Kf1 Nb6 24. Bc1 Bb7 25. Ne5 Bd5 26. b4 Nc4 27. Nxc4 Bxc4+ 28. Ke1 Bd5 29. f3 Bd6 30. h3 f5 31. Kf2 Kf7 32. Bg5 Ke8 33. Bd2 Kd7 34. Bd3 Kc6 35. Bc3 Bb3 36. Bb2 Kd5 37. g3 f4 38. g4 Bc7 39. Be4+ Kc4 40. Ke2 Ba4 41. Bb7 Kb3 42. Bc1 Kc2 43. Bd2 Bb3 44. Bxa6 Bc4+ 45. Ke1 Bd8 46. Kf2 Kxd2 47. a4 Kc3 48. Bxb5 Bxb5 49. axb5 Kxb4 50. Ke2 Kc4 51. Kd2 Kxd4 52. Ke2 Kc3 53. Kf2 Kd2 54. Kg2 Ke3 0-1

[Event "Olympiad Women-44"]
[Site "Chennai"]
[Date "2022.08.08"]
[Round "10.4"]
[White "Norlamo, Sarabella"]
[Black "Popovic, Mateja"]
[Result "1-0"]
[WhiteElo "1925"]
[BlackElo "1634"]
[PlyCount "43"]
[EventDate "2022.07.29"]
[EventType "team-swiss"]
[EventRounds "11"]
[EventCountry "IND"]
[SourceTitle "CBM 210"]
[Source "ChessBase"]
[SourceDate "2022.10.31"]
[SourceVersion "1"]
[SourceVersionDate "2022.10.31"]
[SourceQuality "1"]
[WhiteTeam "Finland (W)"]
[BlackTeam "Montenegro (W)"]
[WhiteTeamCountry "FIN"]
[BlackTeamCountry "MNE"]

1. d4 d5 2. c4 e6 3. cxd5 exd5 4. Nc3 Nf6 5. Bg5 Be7 6. e3 0-0 7. Bd3 Nbd7 8. Nge2 h6 9. Bh4 c5 10. 0-0 cxd4 11. Nxd4 Nb6 12. Rc1 Bd7 13. Qb3 Bc6 14. Nf5 Bc5 15. Rfd1 Nbd7 16. Bb1 Qa5 17. Qc2 Bb4 18. Qd3 Ne4 19. Nxd5 Bxd5 20. Qxd5 Nef6 21. Qxb7 Rab8 22. Qc7 1-0

[Event "Olympiad Women-44"]
[Site "Chennai"]
[Date "2022.08.07"]
[Round "9.4"]
[White "Gajcin, Marina"]
[Black "Norlamo, Sarabella"]
[Result "1-0"]
[WhiteElo "2271"]
[BlackElo "1925"]
[PlyCount "85"]
[EventDate "2022.07.29"]
[EventType "team-swiss"]
[EventRounds "11"]
[EventCountry "IND"]
[SourceTitle "CBM 210"]
[Source "ChessBase"]
[SourceDate "2022.10.31"]
[SourceVersion "1"]
[SourceVersionDate "2022.10.31"]
[SourceQuality "1"]
[WhiteTeam "Serbia (W)"]
[BlackTeam "Finland (W)"]
[WhiteTeamCountry "SRB"]
[BlackTeamCountry "FIN"]

1. e4 e5 2. Nf3 Nc6 3. Bc4 Bc5 4. d3 Nf6 5. a4 0-0 6. 0-0 h6 7. c3 a5 8. Nbd2 d6 9. h3 Be6 10. Re1 Bxc4 11. Nxc4 Re8 12. Ne3 Bb6 13. Nh2 d5 14. Qf3 dxe4 15. dxe4 Qd3 16. Nhg4 Re6 17. Rd1 Qa6 18. Nf5 Nxg4 19. hxg4 Rd8 20. Rxd8+ Nxd8 21. g5 hxg5 22. Bxg5 Qa8 23. Qg4 Nc6 24. Bf6 Qf8 25. Bxg7 Rg6 26. Bxf8 Rxg4 27. Nh6+ Kxf8 28. Nxg4 Bc5 29. Rd1 Bd6 30. g3 Ke7 31. Kg2 b6 32. Rf1 Nd8 33. f4 exf4 34. gxf4 Ne6 35. e5 Bc5 36. f5 Ng5 37. Nf6 c6 38. Rd1 Be3 39. Rd7+ Kf8 40. Rd8+ Kg7 41. Rg8+ Kh6 42. e6 Bc1 43. exf7 1-0

[Event "FIN-ch (Women)"]
[Site "Helsinki"]
[Date "2022.04.22"]
[Round "8"]
[White "Turunen, Tiina"]
[Black "Norlamo, Sarabella"]
[Result "1-0"]
[WhiteElo "1585"]
[BlackElo "1957"]
[PlyCount "141"]
[EventDate "2022.04.15"]
[EventType "tourn"]
[EventRounds "9"]
[EventCountry "FIN"]
[SourceTitle "CBM 208 Extra"]
[Source "ChessBase"]
[SourceDate "2022.07.31"]
[SourceVersion "1"]
[SourceVersionDate "2022.07.31"]
[SourceQuality "1"]

1. d4 Nf6 2. Nf3 e6 3. Bf4 d5 4. Nbd2 Bd6 5. Bxd6 Qxd6 6. e3 0-0 7. Be2 Nbd7 8. 0-0 e5 9. dxe5 Nxe5 10. Nxe5 Qxe5 11. c3 c6 12. Rc1 Bf5 13. Nf3 Qe7 14. Re1 Rad8 15. Bd3 Bg4 16. h3 Bh5 17. Be2 Rfe8 18. Nd4 Bg6 19. Bd3 Ne4 20. Nf3 Bh5 21. Be2 Rd7 22. Nd4 Bg6 23. Bg4 Rd6 24. Nf5 Bxf5 25. Bxf5 Nxf2 26. Bxh7+ Kxh7 27. Kxf2 Rf6+ 28. Kg1 Re6 29. Qd3+ Kg8 30. Kf2 Qh4+ 31. Kf1 Rf6+ 32. Kg1 Qf2+ 33. Kh1 Qxb2 34. Rc2 Qa3 35. Rb1 b6 36. Rb4 Qa5 37. Rh4 Rh6 38. Rxh6 gxh6 39. Rf2 Qc5 40. Qf5 Qe7 41. Rf3 Qe6 42. Rg3+ Kf8 43. Qf4 Rd8 44. Qh4 Rd6 45. Rf3 Qe4 46. Qg3 Qg6 47. Qe5 Qe6 48. Qf4 Ke7 49. Qh4+ Kd7 50. Qf4 Ke8 51. Qh4 Qe7 52. Qf4 a5 53. Rg3 Qf6 54. Qg4 Re6 55. Qg8+ Ke7 56. Rf3 Qg6 57. Qc8 Kd6 58. Qf8+ Ke5 59. Qb8+ Rd6 60. Qxb6 Qd3 61. Qxa5 Qb1+ 62. Kh2 Qb7 63. Qa4 Rg6 64. Qd4+ Ke6 65. a4 Qb2 66. Rg3 Qb8 67. Qh4 Kd7 68. a5 Kc8 69. a6 Qc7 70. a7 Rxg3 71. a8Q+ 1-0

[Event "Keres Memorial (Women)"]
[Site "Tallinn"]
[Date "2020.07.30"]
[Round "6"]
[White "Kiolbasa, Oliwia"]
[Black "Norlamo, Sarabella"]
[Result "1-0"]
[WhiteElo "2160"]
[BlackElo "2023"]
[PlyCount "105"]
[EventDate "2020.07.27"]
[EventType "tourn"]
[EventRounds "9"]
[EventCountry "EST"]
[SourceTitle "CBM 197 Extra"]
[Source "ChessBase"]
[SourceDate "2020.09.30"]
[SourceVersion "1"]
[SourceVersionDate "2020.09.30"]
[SourceQuality "1"]

1. e4 e5 2. Nf3 Nc6 3. Bb5 a6 4. Ba4 Nf6 5. 0-0 b5 6. Bb3 Be7 7. Re1 0-0 8. h3 d6 9. c3 Na5 10. Bc2 c5 11. d4 Nd7 12. d5 Nb6 13. b3 f5 14. exf5 Bxf5 15. Bxf5 Rxf5 16. Qd3 Rf7 17. Be3 c4 18. Qd1 Rc8 19. b4 Nb7 20. Bxb6 Qxb6 21. Nbd2 Rff8 22. Ne4 Nd8 23. a4 Nf7 24. Re2 Qb7 25. Rea2 Ra8 26. Ne1 Ng5 27. Nxg5 Bxg5 28. Qg4 Bf6 29. Qe6+ Kh8 30. axb5 axb5 31. Rxa8 Rxa8 32. Rxa8+ Qxa8 33. Qxd6 h6 34. Nc2 Qa4 35. Ne3 Qa1+ 36. Kh2 Qxc3 37. Qb8+ Kh7 38. Qxb5 Be7 39. Qxc4 Qxb4 40. Qxb4 Bxb4 41. Kg3 Kg6 42. Kf3 Kf6 43. Ke4 h5 44. Nc4 Bc3 45. Nd6 g6 46. Nb5 Bb4 47. Nc7 Bc3 48. d6 Bb2 49. Kd5 Bd4 50. f3 Bc3 51. Ne6 Bb2 52. d7 Ke7 53. d8Q+ 1-0

[Event "Helsinki EtVaS Autumn-C"]
[Site "Helsinki"]
[Date "2019.09.08"]
[Round "5"]
[White "Norlamo, Sarabella"]
[Black "Ihaksi, Arto"]
[Result "1-0"]
[WhiteElo "1978"]
[BlackElo "1906"]
[PlyCount "85"]
[EventDate "2019.09.06"]
[EventType "tourn"]
[EventRounds "5"]
[EventCountry "FIN"]
[SourceTitle "EXT 2021"]
[Source "ChessBase"]
[SourceDate "2020.10.23"]
[SourceVersion "1"]
[SourceVersionDate "2020.10.23"]
[SourceQuality "1"]

1. e4 Nf6 2. e5 Nd5 3. d4 d6 4. Nf3 g6 5. c4 Nb6 6. exd6 cxd6 7. Nc3 Bg7 8. h3 0-0 9. Be2 N8d7 10. 0-0 Nf6 11. Re1 Be6 12. d5 Bd7 13. Be3 Rc8 14. b3 e5 15. dxe6 Bxe6 16. Nd4 d5 17. Nxe6 fxe6 18. Rc1 dxc4 19. Qxd8 Rfxd8 20. Bxb6 axb6 21. Bxc4 Kf8 22. Bxe6 Rc5 23. Na4 Rxc1 24. Rxc1 Rd2 25. Rc7 Bh8 26. Rxb7 Ne4 27. Rb8+ Ke7 28. Rxh8 Kxe6 29. Nxb6 Rxa2 30. Re8+ Kf5 31. g4+ Kf4 32. Nd5+ Kf3 33. Rf8+ Ke2 34. Rf4 Ra1+ 35. Kg2 Nc5 36. b4 Nd3 37. Re4+ Kd2 38. Rd4 Kc2 39. b5 Rb1 40. b6 Rb5 41. Kf3 Ne5+ 42. Ke4 Nf7 43. Rb4 1-0

[Event "Helsinki U20 Girls"]
[Site "Helsinki"]
[Date "2019.08.16"]
[Round "5"]
[White "Simkunaite, Gabija"]
[Black "Norlamo, Sarabella"]
[Result "0-1"]
[WhiteElo "1978"]
[BlackElo "1998"]
[PlyCount "100"]
[EventDate "2019.08.14"]
[EventType "tourn"]
[EventRounds "9"]
[EventCountry "FIN"]
[SourceTitle "CBM 191 Extra"]
[Source "ChessBase"]
[SourceDate "2019.09.30"]
[SourceVersion "1"]
[SourceVersionDate "2019.09.30"]
[SourceQuality "1"]

1. e4 c5 2. c3 d5 3. exd5 Qxd5 4. d4 Nf6 5. Nf3 Bg4 6. dxc5 Qxd1+ 7. Kxd1 e5 8. b4 e4 9. h3 Bh5 10. g4 Nxg4 11. hxg4 Bxg4 12. Nbd2 exf3 13. Bd3 Nc6 14. Re1+ Be7 15. Kc2 Kf8 16. Be4 a5 17. Bxc6 bxc6 18. a4 h5 19. Kb3 h4 20. Nf1 Be6+ 21. Ka3 g5 22. Nh2 g4 23. Bf4 Rh5 24. Rg1 f5 25. Rad1 Kf7 26. Bd6 Bf6 27. Rd3 Bc4 28. Re3 Be2 29. Rh1 Ra7 30. Nf1 axb4+ 31. cxb4 Bd4 32. Bf4 Bxf1 33. Rxf1 Bxe3 34. Bxe3 Ra8 35. Bf4 Rhh8 36. Kb3 Rad8 37. b5 Rd3+ 38. Kc4 Rhd8 39. Bd6 Rd2 40. bxc6 Ke6 41. c7 Rc8 42. Bf4 Rb2 43. Re1+ Re2 44. Rf1 Re4+ 45. Kb5 Rxf4 46. Kc6 Rxa4 47. Kb7 Raa8 48. c6 h3 49. Rg1 Rh8 50. Rh1 f4 0-1

[Event "FIN-ch U16"]
[Site "Turku"]
[Date "2019.06.07"]
[Round "3"]
[White "Norlamo, Sarabella"]
[Black "Wartiovaara, Oliver"]
[Result "0-1"]
[WhiteElo "1819"]
[BlackElo "2181"]
[PlyCount "86"]
[EventDate "2019.06.06"]
[EventType "swiss"]
[EventRounds "7"]
[EventCountry "FIN"]
[SourceTitle "EXT 2021"]
[Source "ChessBase"]
[SourceDate "2020.10.23"]
[SourceVersion "1"]
[SourceVersionDate "2020.10.23"]
[SourceQuality "1"]

1. d4 Nf6 2. Nf3 c5 3. d5 b5 4. e3 Bb7 5. c4 g6 6. Nc3 a6 7. cxb5 Bg7 8. bxa6 Nxa6 9. e4 0-0 10. Be2 e6 11. dxe6 fxe6 12. Bg5 Qb6 13. Qc2 Nb4 14. Qb1 d5 15. 0-0 d4 16. Bxf6 Bxf6 17. Nd1 d3 18. Bxd3 Nxd3 19. Qxd3 Ba6 20. Qc2 Bxf1 21. Kxf1 Bd4 22. Nc3 Rfb8 23. b3 Qb4 24. Nxd4 cxd4 25. Ne2 e5 26. Qc6 Qe7 27. g3 Ra5 28. Qc4+ Qf7 29. Qc6 Rxb3 30. Qc8+ Kg7 31. Rc1 Rb7 32. Rc5 Rxa2 33. Rxe5 Rb1+ 34. Kg2 Rxe2 35. Qd8 Rxf2+ 36. Kh3 Rb7 37. Qxd4 Qd7+ 38. Qxd7+ Rxd7 39. Re8 h5 40. e5 Kh6 41. e6 Rdd2 42. g4 Rf3+ 43. Kh4 g5# 0-1

[Event "Olympiad Women-43"]
[Site "Batumi"]
[Date "2018.10.03"]
[Round "9.3"]
[White "Partac, Elena"]
[Black "Norlamo, Sarabella"]
[Result "1-0"]
[WhiteElo "2051"]
[BlackElo "1874"]
[PlyCount "119"]
[EventDate "2018.09.24"]
[EventType "team-swiss"]
[EventRounds "11"]
[EventCountry "GEO"]
[SourceTitle "EXT 2020"]
[Source "ChessBase"]
[SourceDate "2019.10.17"]
[SourceVersion "1"]
[SourceVersionDate "2019.10.17"]
[SourceQuality "1"]
[WhiteTeam "Moldova (W)"]
[BlackTeam "Finland (W)"]
[WhiteTeamCountry "MDA"]
[BlackTeamCountry "FIN"]

1. e4 e5 2. Nf3 Nc6 3. Bc4 Nf6 4. d3 Be7 5. 0-0 0-0 6. Re1 d6 7. c3 Be6 8. Bb3 Bxb3 9. axb3 Re8 10. b4 a6 11. Na3 Qd7 12. h3 h6 13. Nc4 Bf8 14. Na5 Nxa5 15. bxa5 Rad8 16. Qb3 Qc6 17. c4 Rb8 18. Be3 Nd7 19. Qd1 Nf6 20. Qd2 Qd7 21. Nh4 c6 22. f4 Rbd8 23. Rf1 exf4 24. Bxf4 Nh5 25. Bh2 Qe6 26. Nf5 Nf6 27. Rf3 Nh7 28. h4 Be7 29. Raf1 Bf6 30. Kh1 Be5 31. Bxe5 dxe5 32. Rg3 g5 33. hxg5 hxg5 34. Rxg5+ Nxg5 35. Qxg5+ Qg6 36. Nh6+ Kh8 37. Nxf7+ Kg7 38. Qxg6+ Kxg6 39. Nxd8 Rxd8 40. Rf3 Rd6 41. Kg1 c5 42. Kf1 b6 43. Rf5 Rxd3 44. Rxe5 bxa5 45. Rxc5 Rd1+ 46. Ke2 Rb1 47. Rxa5 Rxb2+ 48. Kf3 Rb6 49. c5 Rc6 50. Ke3 Kg5 51. Kd4 Kf4 52. Kd5 Rg6 53. Ra2 Rg5+ 54. Kd4 Rg6 55. Rf2+ Kg3 56. Rc2 Kf4 57. c6 Rd6+ 58. Kc5 Rg6 59. c7 Rg8 60. Kb6 1-0